01072nam a2200217 a 450000500170000000800410001702000180005804000500007604100080012610000370013424501980017126000800036930000330044961000660048261000530054861000530060165000450065465000450069965000620074465000480080620170824154826.0170824s2013 ck o gr 00010 spa d a9789588832241 aCO-BoUCMbspacSandra PalaciodSandra Palacio0 aspa1 aReina Rodríguez, Carlos Arturo13aEl matadero municipal y la plaza de ferias de Bogotá 1924-1934bresignificación de espacios y memoria urbana Biblioteca Central Ramón Eduardo D'Luys NietocCarlos Arturo Reina Rodríguez aBogotá (Colombia)bUniversidad Distrital Francisco José de Caldasc2013 a189 páginasbfotografías24aMatadero Distrital (Bogotá, Colombia)x Historiay1924-193424aPlaza de Feriasc(Bogotá)xHistoriay1924-193424aBiblioteca Central Ramón Eduardo D´Luys Nieto17aMataderosxHistoriazBogotá (Colombia)27aMataderos xUrbanismoxAspectos sociales27aPlazas de ferias ganaderasxHistoriazBogotá (Colombia)27aPlanificación urbanazBogotá (Colombia)